00874nam a22002891a 450000100090000000300060000900500170001500800410003201000130007302000220008603500190010804000130012705000240014008200150016410000190017924500570019826000430025530000290029850000480032750400250037565000290040065000340042965000380046374000350050174000230053674000250055918559912OCoLC20190111180250.0880908s1987 okuc b 000 0 eng  a87164471 a0892744448 (pbk.) a00000000721893 aDLCcDLC0 aBS680.F27bC37 1987 a234bC249d1 aCapps, Charles10aDynamics of faith and confession /cby Charles Capps0 aTulsa, Okla. :bHarrison House,cc1987 a317 p. :bport. ;c22 cm aCover title: Dynamics of faith & confession aBibliography: p. 317 0aFaithxBiblical teaching 0aConfessionxBiblical teaching 0aChristian lifexBiblical teaching01aDynamics of faith & confession01aFaith & confession01aFaith and confession